Jewish historiography and iconography in early and Medieval Christianity /
Series: Compendia Rerum Iudaicarum ad Novum Testamentum Section 1 - The Jewish people in the first century Historical geography, political history, social, cultural and religious life and institutions Edited by S. Safrai and M. Stern in cooperation with D. Flusser and W.C. van Unnik Section 2 - The...
المؤلف الرئيسي:
مؤلفون آخرون:
التنسيق: كتاب الكتروني
اللغة: English
منشور في:
Assen : Minneapolis :
Van Gorcum ; Fortress Press,
1992.
سلاسل:
Compendia Rerum Iudaicarum ad Novum Testamentum
3/2.
Compendia Rerum Iudaicarum ad Novum Testamentum Special E-Book Collection, 1974-2014, ISBN: 9789004280090.
الموضوعات:
الوصول للمادة أونلاين: Login to view Source
الوسوم: إضافة وسم
رقم الطلب: N7832 .S32 1992
| LEADER | 03557cam a2200589Ii 4500 | ||
|---|---|---|---|
| 001 | BRILL9789004275157 | ||
| 003 | nllekb | ||
| 005 | 20210602101940.0 | ||
| 006 | m d | ||
| 007 | cr un uuuua | ||
| 008 | 921002s1992 ne a sb 001 0 eng d | ||
| 010 | |a 92037804 | ||
| 020 | |a 9789004275157 |q (electronic book) | ||
| 020 | |z 9789023226536 |q (print) | ||
| 024 | 7 | |a 10.1163/9789004275157 |2 DOI | |
| 035 | |a (OCoLC)26929997 |z (OCoLC)213843450 | ||
| 040 | |a NL-LeKB |c NL-LeKB |e rda | ||
| 050 | 4 | |a N7832 |b .S32 1992 | |
| 072 | 7 | |a HRJX |2 bicssc | |
| 072 | 7 | |a REL040060 |2 bisacsh | |
| 082 | 0 | 4 | |a 700 |2 20 |
| 100 | 1 | |a Schreckenberg, Heinz. | |
| 245 | 1 | 0 | |a Jewish historiography and iconography in early and Medieval Christianity / |c Heinz Schreckenberg and Kurt Schubert ; with an introduction by David Flusser. |
| 264 | 1 | |a Assen : |a Minneapolis : |b Van Gorcum ; |b Fortress Press, |c 1992. | |
| 300 | |a 1 online resource (xviii, 307 pages) : |b illustrations. | ||
| 336 | |a text |b txt |2 rdacontent | ||
| 337 | |a computer |b c |2 rdamedia | ||
| 338 | |a online resource |2 rdacarrier | ||
| 490 | 1 | |a Compendia rerum Iudaicarum ad Novum Testamentum. Section 3, Jewish traditions in early Christian literature ; |v v. 2 | |
| 504 | |a Includes bibliographical references (p. 265-277) and indexes. | ||
| 505 | 0 | 0 | |a Preliminary material -- Introduction -- Preliminaries to the Early Christian Reception of Josephus -- Josephus in Early Christian Texts -- Josephus in Medieval Christian Art -- Epilogue -- Introduction -- Jewish Art in the Light of Jewish Tradition -- The Holiness of the Synagogue and its Figurative Decoration -- Jewish Programmatic Painting: The Dura Europos Synagogue -- Jewish Influence on Earliest Christian Painting: The Via Latina Catacomb -- Jewish Traditions in Christian Painting Cycles: The Vienna Genesis and the Ashburnham Pentateuch -- Abbreviations -- Cumulative Bibliography -- Index of Sources. |
| 506 | |a Available to subscribing member institutions only. | ||
| 520 | |a Series: Compendia Rerum Iudaicarum ad Novum Testamentum Section 1 - The Jewish people in the first century Historical geography, political history, social, cultural and religious life and institutions Edited by S. Safrai and M. Stern in cooperation with D. Flusser and W.C. van Unnik Section 2 - The Literature of the Jewish People in the Period of the Second Temple and the Talmud Section 3 - Jewish Traditions in Early Christian Literature | ||
| 600 | 1 | 0 | |a Josephus, Flavius |x Influence. |
| 600 | 1 | 7 | |a Josephus, Flavius. |2 fast |
| 648 | 7 | |a 500 - 1500 |2 fast | |
| 650 | 0 | |a Art, Early Christian. | |
| 650 | 0 | |a Christian literature, Early. | |
| 650 | 7 | |a Art. |2 fast | |
| 650 | 7 | |a Art, Early Christian. |2 fast | |
| 650 | 7 | |a Christian art and symbolism |x Medieval. |2 fast | |
| 650 | 7 | |a Christian literature, Early. |2 fast | |
| 650 | 7 | |a Influence (Literary, artistic, etc.) |2 fast | |
| 650 | 7 | |a Jews. |2 fast | |
| 700 | 1 | |a Schubert, Kurt, |d 1923-2007. | |
| 776 | 0 | 8 | |i Online version: |a Schreckenberg, Heinz. |t Jewish historiography and iconography in early and Medieval Christianity. |d Assen : Van Gorcum ; Minneapolis : Fortress Press, 1992 |w (OCoLC)645909439 |
| 830 | 0 | |a Compendia Rerum Iudaicarum ad Novum Testamentum |v 3/2. | |
| 830 | 0 | |a Compendia Rerum Iudaicarum ad Novum Testamentum Special E-Book Collection, 1974-2014, ISBN: 9789004280090. | |
| 856 | 4 | |z DOI: |u http://dx.doi.org/10.1163/9789004275157 | |
| 942 | |c EBOOK | ||
| 952 | |0 0 |1 0 |4 0 |7 1 |9 14804 |a BRILL |b BRILL |d 2021-06-02 |l 0 |r 2021-06-02 00:00:00 |w 2021-06-02 |y EBOOK | ||
| 999 | |c 36253 |d 36253 | ||
